Statistics for The Maze runner films 1 and 2

Click here to take the quiz!

General Stats

  • This quiz has been taken 152 times
  • The average score is 10 of 15

Answer Stats

Hint Answer % Correct
Who's in charge of the galde?Alby
98%
Who is the keeper of the runners?Minho
98%
Who has the british accent?Newt
96%
Who is the main character?Thomas
95%
What are the monsters of the maze called?Grievers
89%
Who are the people in charge of the maze experiment?WICKED
88%
Which one of the boys from the glade gets bitten when out in the scorch?Winston
85%
Who helps the group in the scorch trials? (female)Brenda
82%
Who is the keeper of the builders?Gally
75%
What is the disease that striked the planet called?The Flare
66%
What is the organisation that take the children to paradise called?The Right Arm
45%
What does WICKED stand for?World In Catastrophe Killzone Experiment Department
37%
What does Teresa have in her pocket when she enters the glade?Griever sting serum
28%
What does Thomas swear to Minho in the scorch trials?He wont leave him behind
2%
What does Teresa do to betray the rest of the group?She contacts WICKED
2%

Score Distribution

Percentile by Number Answered

Percent of People with Each Score

Your Score History

You have not taken this quiz